[Event "IND-ch U15 Girls 38th"]
[Site "New Delhi"]
[Date "2022.12.01"]
[Round "5"]
[White "Shreya, Rana"]
[Black "Khuanna, Kapoor"]
[Result "0-1"]
[WhiteElo "1187"]
[BlackElo "1450"]
[PlyCount "82"]
[EventDate "2022.11.28"]
[EventType "swiss"]
[EventRounds "11"]
[EventCountry "IND"]
[SourceTitle "CBM 211 Extra"]
[Source "ChessBase"]
[SourceDate "2023.01.31"]
[SourceVersion "1"]
[SourceVersionDate "2023.01.31"]
[SourceQuality "1"]

1. d4 d5 2. Bf4 Nf6 3. e3 g6 4. Nd2 Bg7 5. Ngf3 0-0 6. Bd3 c5 7. c3 b6 8. Qe2 Bb7 9. h3 Nc6 10. 0-0 Re8 11. Ne5 Nd7 12. Ndf3 Ndxe5 13. dxe5 a6 14. Rad1 e6 15. e4 Qe7 16. Bg5 Qc7 17. Bf6 Nxe5 18. Nxe5 Bxf6 19. Ng4 Bg7 20. e5 h5 21. Nf6+ Bxf6 22. exf6 Qf4 23. Qf3 Qxf3 24. gxf3 e5 25. Rfe1 Re6 26. Kh2 Rae8 27. Kg3 Rxf6 28. f4 h4+ 29. Kxh4 Rxf4+ 30. Kg3 Rf6 31. f3 Kg7 32. Rd2 Rfe6 33. Rde2 f5 34. Bc2 e4 35. fxe4 fxe4 36. Bb3 Rf6 37. Rd1 Re5 38. a4 Rf3+ 39. Kh2 Rh5 40. Rdd2 e3 41. Rc2 Rfxh3+ 0-1